MARC details
| 000 -CABECERA |
| campo de control de longitud fija |
01441cam a2200313 a 4500 |
| 001 - NÚMERO DE CONTROL |
| campo de control |
000006668 |
| 003 - IDENTIFICADOR DEL NÚMERO DE CONTROL |
| campo de control |
DO-SdBNP |
| 005 - FECHA Y HORA DE LA ÚLTIMA TRANSACCIÓN |
| campo de control |
20250602113834.0 |
| 008 - DATOS DE LONGITUD FIJA--INFORMACIÓN GENERAL |
| campo de control de longitud fija |
800204s1967 ve a 001 0 spa |
| 035 ## - NÚMERO DE CONTROL DEL SISTEMA |
| Número de control de sistema |
(DLC) 79396870 |
| 040 ## - FUENTE DE LA CATALOGACIÓN |
| Centro catalogador/agencia de origen |
DO-SdBNP |
| Centro/agencia transcriptor |
DLC |
| Centro/agencia modificador |
DLC |
| -- |
BNPHU |
| 049 ## - FONDOS LOCALES (OCLC) |
| Fondos de biblioteca |
BNGR |
| 082 ## - NÚMERO DE LA CLASIFICACIÓN DECIMAL DEWEY |
| Número de clasificación |
970.01 |
| Número de documento/Ítem |
B479h |
| 100 1# - ENTRADA PRINCIPAL--NOMBRE DE PERSONA |
| Nombre de persona |
Benzoni, Girolamo, |
| Fechas asociadas al nombre |
b. 1519. |
| 9 (RLIN) |
18557 |
| 245 13 - MENCIÓN DE TÍTULO |
| Título |
La historia del Mundo Nuevo / |
| Mención de responsabilidad, etc. |
M. Girolamo Benzoni ; traducción y notas de Marisa Vannini de Gerulewicz ; estudio preliminar de León Croizat. |
| 260 ## - PUBLICACIÓN, DISTRIBUCIÓN, ETC. |
| Lugar de publicación, distribución, etc. |
Caracas : |
| Nombre del editor, distribuidor, etc. |
Academia Nacional de Historia, |
| Fecha de publicación, distribución, etc. |
1967. |
| 300 ## - DESCRIPCIÓN FÍSICA |
| Extensión |
xciv, 297 p. : ; |
| Dimensiones |
23 cm. |
| 490 1# - MENCIÓN DE SERIE |
| Mención de serie |
Biblioteca de la Academia Nacional de la Historia |
| Designación de volumen o secuencia |
86 |
| Mención de serie |
Fuentes para la historia colonial de Venezuela |
| 504 ## - NOTA DE BIBLIOGRAFÍA, ETC. |
| Nota de bibliografía, etc. |
Incluye referencia bibliográficas. |
| 650 #4 - PUNTO DE ACCESO ADICIONAL DE MATERIA--TÉRMINO DE MATERIA |
| Término de materia o nombre geográfico como elemento de entrada |
Trato a los indigenas |
| Subdivisión geográfica |
América Latina |
| 9 (RLIN) |
18560 |
| 651 #4 - PUNTO DE ACCESO ADICIONAL DE MATERIA--NOMBRE GEOGRÁFICO |
| Nombre geográfico |
America Latina |
| Subdivisión general |
Historia |
| 9 (RLIN) |
1786 |
| 651 #4 - PUNTO DE ACCESO ADICIONAL DE MATERIA--NOMBRE GEOGRÁFICO |
| Nombre geográfico |
América Latina |
| Subdivisión general |
Descripciones y viajes |
| Subdivisión cronológica |
Siglo XVI |
| 9 (RLIN) |
18558 |
| Subdivisión de forma |
Ensayos, conferencias, etc. |
| 651 #0 - PUNTO DE ACCESO ADICIONAL DE MATERIA--NOMBRE GEOGRÁFICO |
| Nombre geográfico |
América del Sur |
| Subdivisión general |
Historia |
| Subdivisión cronológica |
Guerras de Independencia, 1806-1830 |
| Subdivisión de forma |
Ensayo, conferencias, etc. |
| 9 (RLIN) |
4537 |
| 651 #4 - PUNTO DE ACCESO ADICIONAL DE MATERIA--NOMBRE GEOGRÁFICO |
| Nombre geográfico |
España |
| Subdivisión general |
Colonias |
| Subdivisión geográfica |
América |
| Subdivisión general |
Administración |
| 9 (RLIN) |
15196 |
| 700 1# - PUNTO DE ACCESO ADICIONAL--NOMBRE DE PERSONA |
| Nombre de persona |
Vannini de Gerulewicz, Marisa, |
| Término indicativo de función/relación |
tr. |
| 9 (RLIN) |
18561 |
| 830 #0 - PUNTO DE ACCESO ADICIONAL DE SERIE-TÍTULO UNIFORME |
| Título uniforme |
Biblioteca de la Academia Nacional de la Historia ; |
| Designación de volumen o secuencia |
86 |
| Nombre de parte o sección de la obra |
Fuentes para la historia colonial de Venezuela |
| 9 (RLIN) |
7602 |
| 910 ## - DATOS DE OPCIÓN DEL USUARIO (OCLC) |
| Datos de opción del usuario |
Catalogación por copia / LC |
| 942 ## - ELEMENTOS DE PUNTO DE ACCESO ADICIONAL (KOHA) |
| Fuente del sistema de clasificación o colocación |
Dewey Decimal Classification |
| Tipo de ítem Koha |
Libro |